| 000 | 02544nam a22002897a 4500 | ||
|---|---|---|---|
| 999 |
_c58595 _d58595 |
||
| 003 | Ge_BSU | ||
| 005 | 20220610114008.0 | ||
| 008 | 220610s2021 ge ||||| |||| 00| 0 geo d | ||
| 020 | _a9789941839795 | ||
| 041 | _ageo | ||
| 080 | _a657(075.8) ს-37 | ||
| 245 |
_aსაჯარო სექტორის აუდიტორთა სერტიფიცირების სახელმძღვანელო : _b I-II კარი / _c პროექტის ხელმძღვანელები: გელა წიკლაური, გიორგი ალასანია, თინათინ სიყმაშვილი ; რედაქტორი: მანონი ღუდუშაური, ნანა სუხიტაშვილი, სოფიო ნარიმანიძე; საჯარო აუდიტის ინსტიტუტი. |
||
| 264 |
_aთბილისი : _bსაჯარო აუდიტის ინსტიტუტი, _c 2021. |
||
| 300 |
_a198 გვ. ; _b30 სმ. |
||
| 500 | _aსახელმძღვანელო მომზადებულია საჯარო აუდიტის ინსტიტუტის მიერ აშშ-ის საერთაშორისო განვითარების სააგენტოს (USAID) დემოკრატიული მმართველობის ინიციატივის (GGI) პროექტის მხარდაჭერით | ||
| 653 | _aაუდიტორული მომსახურება | ||
| 653 | _aაუდიტი | ||
| 653 | _aსაბიუჯეტო კანომდებლობა | ||
| 700 |
_aწიკლაური, გელა _eპროექტის ხელმძღვანელი _914031 |
||
| 700 |
_aალასანია, გიორგი _eპროექტის ხელმძღვანელი _99310 |
||
| 700 |
_aსიყმაშვილი, თინათინ _eპროექტის ხელმძღვანელი _914032 |
||
| 700 |
_aღუდუშაური, მანონი _eრედაქტორი _914033 |
||
| 700 |
_aსუხიტაშვილი, ნანა _eრედაქტორი _95594 |
||
| 700 |
_aნარიმანიძე, სოფიო _eრედაქტორი _914034 |
||
| 711 |
_aსაჯარო აუდიტის ინსტიტუტი _914035 |
||
| 942 |
_2udc _cBK |
||